Tajomstvá spod drobnohľadu

Bibliographic Details
Main Author: Nováková, J. (Author)
Format: Article
Language:Slovak
PhysicalDescription:Obr. 2.
Subjects:

MARC

LEADER 00000nab a2200000 a 4500
001 vtls000054323
003 SK-MaSNL
005 20260303223451.0
008 111103c1980 xo 0 slo
015 |a SNBRB19rr/mm-uuuuu 
035 |a CL0064420 
040 |a SNKBUCL  |b slo  |c SNKBUCL  |e AACR2 
041 0 |a slo 
044 |a xo  |c SK 
080 |a 57  |2 1981 
080 |a 612.1/.8  |2 1981 
080 |a 061.6  |2 1981 
100 1 |a Nováková, J.  |4 aut  |9 299117 
245 1 0 |a Tajomstvá spod drobnohľadu  |c J. Nováková 
300 |b Obr. 2. 
650 0 7 |a neurobiológia  |2 snkbucl  |9 18434 
650 0 7 |a Slovenská akadémia vied.  |b Biomedicínske centrum.  |b Neurobiologický ústav  |2 snkbucl  |9 1258004 
651 7 |a 5403  |2 snkbucl  |9 893808 
655 7 |a články z novín a časopisov  |2 snkbucl  |9 267496 
773 0 |t Východoslovenské noviny  |g Roč. 29, č. 57 (7. 3. 1980), s. 1-2 
850 |a Slovenská národná knižnica v Martine  |a MTA001 
852 |a SNK  |b KIS3GCP 
958 |a RK 
992 |a RBX 
999 |c 2247975  |d 2249905